<?xml version="1.0" encoding="UTF-8"?>
<collection xmlns="http://www.loc.gov/MARC21/slim">
 <record>
  <leader>00415pamaa2200157   4500</leader>
  <controlfield tag="001">0000034849</controlfield>
  <controlfield tag="005">20060619090000.0</controlfield>
  <datafield tag="020" ind1="0" ind2="0">
   <subfield code="a">9813046198 </subfield>
  </datafield>
  <datafield tag="082" ind1=" " ind2=" ">
   <subfield code="a">659.2 LES</subfield>
  </datafield>
  <datafield tag="090" ind1="0" ind2="0">
   <subfield code="a">HM1221 </subfield>
   <subfield code="b">LES 1993</subfield>
  </datafield>
  <datafield tag="100" ind1="1" ind2="0">
   <subfield code="a">LESLY </subfield>
  </datafield>
  <datafield tag="245" ind1="1" ind2="0">
   <subfield code="a">Everything you wanted to know about : </subfield>
   <subfield code="b">public relations  </subfield>
   <subfield code="c">Philip Lesly.</subfield>
  </datafield>
  <datafield tag="250" ind1="0" ind2="0">
   <subfield code="a">4th ed..</subfield>
  </datafield>
  <datafield tag="260" ind1="0" ind2="0">
   <subfield code="a">Singapore: </subfield>
   <subfield code="b">SSMB, </subfield>
   <subfield code="c">1993.</subfield>
  </datafield>
  <datafield tag="300" ind1=" " ind2=" ">
   <subfield code="a">ix, 226p; </subfield>
   <subfield code="c">21cm.</subfield>
  </datafield>
  <datafield tag="650" ind1="0" ind2="0">
   <subfield code="a">Public relations </subfield>
  </datafield>
 </record>
</collection>
